000 00622nam a22001697a 4500
005 20251108164222.0
008 250721s1980 xx 000 0 ara d
082 1 4 _a338.3/إقت
245 1 0 _aإقتصاديات البذور الزيتية و الزيوت النباتية في الوطن العربي /
264 1 _aعمان :
_bمجلس الوحدة الإقتصادية العربية العامة - الإدارة العامة للتجارة،
_c1980.
300 _a295ص
650 1 7 _aالأغذية
650 1 7 _aالزيوت و الدهون
650 1 7 _aالإقتصاد
942 _2ddc
_cBK
999 _c6668
_d6668